000 00728nam a2200265Ia 4500
003 OSt
005 20220918174058.0
006 a|||||r|||| 00| 0
007 ta
008 220917b |||||||| |||| 00| 0 eng d
024 _a10,351
037 _cTextual
040 _aARTS
_cARTS
_beng
041 _2eng
_aeng
082 _aR1, M6
100 _aKuuttila Simo ed
_949057
245 0 _aLogic of being
_b historical studies
260 _aDoredrecht
_bD Reidel
_c1986
300 _axvi,300p.
_ccm.
490 _aSynthese histtoriical library; 28
650 _aLOGIC
700 _a Hintikka Jaakko ed
_949058
942 _hR1, M6
_cTEXL
_2CC
999 _c151725
_d151725